El teléfono como imagen de la empresa (Registro nro. 19676)

Detalles MARC
000 -ENCABEZADO
Número de control [NR] 00969nam a2200241Ia 4500
008 - DE LONGITUD FIJA DE DATOS DE ELEMENTOS - INFORMACIÓN GENERAL
Elementos de longitud fija [NR] 130821s ck gs spa
040 ## - FUENTE DE CATALOGACION [NR]
Agencia de catalogación original [NR] Co-BoUCM
Idioma de catalogación [NR] spa
041 ## - CODIGO DE IDIOMA [R]
Código de idioma para texto/pista de sonido o título separado [R] Español
092 ## - SIGNATURA TOPOGRAFICA LOCAL
Número de clasificación local CV 0203
092 ## - SIGNATURA TOPOGRAFICA LOCAL
Número de clasificación local DVD 1182
100 1# - ASIENTO PRINCIPAL--NOMBRE PERSONAL [NR]
Nombre personal [NR] Richoux L., Elizabeth
245 13 - MENCION DE TITULO [NR]
Título [NR] El teléfono como imagen de la empresa
Mención de responsabilidad, etc. [NR] [videograbación]
-- Elizabeth Richoux L.
260 ## - PUBLICACION, DISTRIBUCION, ETC. (PIE DE IMPRENTA) [R]
Lugar de publicación, distribución, etc. [R] Bogotá (Colombia)
Nombre del editor, distribuidor, etc. [R] INCOLDA
Fecha de publicación, distribución, etc. [R] [fecha desconocida]
300 ## - DESCRIPCION FISICA [R]
Extensión [R] 1 videocasette vhs 39 min.
Material acompañante [NR] 1 DVD
490 ## - MENCION DE SERIE [R]
Mención de serie [R] Colección video empresarial
500 ## - NOTA GENERAL [R]
Nota general [NR] Mediante el desarrollo de actitudes, habilidades y técnicas, se puede incrementar la efectividad de la comunicación telefónica, logrando un nivel de satisfacción de clientes y organización
650 04 - ASIENTO SECUNDARIO DE MATERIA - TERMINO TEMATICO [R]
9 (RLIN) 435
Término temático o nombre geográfico como elemento de entrada [NR] Administración de empresas
650 04 - ASIENTO SECUNDARIO DE MATERIA - TERMINO TEMATICO [R]
Término temático o nombre geográfico como elemento de entrada [NR] Etiqueta en el teléfono
9 (RLIN) 15272
650 04 - ASIENTO SECUNDARIO DE MATERIA - TERMINO TEMATICO [R]
Término temático o nombre geográfico como elemento de entrada [NR] Teléfono en los negocios
9 (RLIN) 25176
650 04 - ASIENTO SECUNDARIO DE MATERIA - TERMINO TEMATICO [R]
Término temático o nombre geográfico como elemento de entrada [NR] Teléfono
9 (RLIN) 25174
700 1# - ASIENTO SECUNDARIO - NOMBRE PERSONAL [R]
Nombre personal [NR] G. de Taborda, Lucia
942 ## - ELEMENTOS DE ENTRADA AGREGADOS (KOHA)
Tipo de ítem principal el descrito en 300a Multimedia
Sistema de clasificación LOCAL
Tema principal Administración
Edición 1
Existencias
Fecha de último préstamo Total préstamos Código de barras Última vez visto Volúmen / Fascículo Ejemplar Price effective from Tipo de ítem Perdido Sistema de clasificación Dañado No prestable Tipo de ítem específico Suprimido Ubicación habitual Ubicación actual Localización Fecha de creación Forma de adquisición Costo
18/07/2012   100126183 29/08/2023 DVD 1182 Ej.3 03/02/2013 Multimedia   DEWEY     DVD   Bodega Bodega Préstamo 4 días después de solicitado 19/02/2013 Donación 0.00
18/07/2012   100126184 10/12/2024 DVD 1182 Ej.4 03/02/2013 Multimedia   DEWEY     DVD   Claustro Claustro Colección digital 19/02/2013 Donación 0.00
18/07/2012   100126181 09/12/2025 DVD 1182 Ej.1 03/02/2013 Multimedia   LOCAL   Préstamo restringido DVD   Procesos Técnicos Procesos Técnicos (no para préstamo) Procesos Técnicos 19/02/2013 Donación 0.00
18/07/2012   100126182 09/12/2025 DVD 1182 Ej.2 03/02/2013 Multimedia   LOCAL   Préstamo restringido DVD   Procesos Técnicos Procesos Técnicos (no para préstamo) Procesos Técnicos 19/02/2013 Donación 0.00